000 00282nam a2200133Ia 4500
100 _aMahahar Lotia
490 _v01-Aug
942 _cBK
654 _atelevision
245 _aModern Television circuits
260 _bBPB
_aNew Delhi
082 _a621.388
_bMAH
546 _aENGLISH
999 _c30631
_d30631